AutoCAD 2025 Beginning and Intermediate / (Record no. 617446)

000 -LEADER
fixed length control field 00475nam a22001697a 4500
003 - CONTROL NUMBER IDENTIFIER
control field NUST
005 - DATE AND TIME OF LATEST TRANSACTION
control field 20260514095222.0
008 - FIXED-LENGTH DATA ELEMENTS--GENERAL INFORMATION
fixed length control field 260514b ||||| |||| 00| 0 eng d
020 ## - INTERNATIONAL STANDARD BOOK NUMBER
International Standard Book Number 978-1501523168
082 ## - DEWEY DECIMAL CLASSIFICATION NUMBER
Classification number 720.284
Author Mark HAM
100 ## - MAIN ENTRY--PERSONAL NAME
Personal name Munir Hamad
9 (RLIN) 134454
245 ## - TITLE STATEMENT
Title AutoCAD 2025 Beginning and Intermediate /
Statement of responsibility, etc. Munir Hamad.
260 ## - PUBLICATION, DISTRIBUTION, ETC.
Place of publication, distribution, etc. USA:
Name of publisher, distributor, etc. Mercury Learning and Information,
Date of publication, distribution, etc. 2024.
300 ## - PHYSICAL DESCRIPTION
Extent 742 p ;
Dimensions 30.10 cm
563 ## - BINDING INFORMATION
Binding note Paperback
942 ## - ADDED ENTRY ELEMENTS (KOHA)
Source of classification or shelving scheme
Koha item type Book
Holdings
Withdrawn status Lost status Source of classification or shelving scheme Damaged status Not for loan Permanent Location Current Location Date acquired Total Checkouts Full call number Barcode Date last seen Price effective from Koha item type
          Institute of Geographical Information Systems (IGIS) Institute of Geographical Information Systems (IGIS) 05/14/2026   720.284 HAM IGIS-1458 05/14/2026 05/14/2026 Book
© 2023 Central Library, National University of Sciences and Technology. All Rights Reserved.